Studying strategies.Workbook : Strategies 4.

Saved in:
Bibliographic Details
Main Author: Elsworth, Steve (Author)
Format: Book
Language:English
Published: Harlow : Longman, 1991
Edition:1.vyd.-16.dotlač
Tags: Add Tag
No Tags, Be the first to tag this record!

MARC

LEADER 00000nam a22000003a 4500
001 stu79541
005 20150617225639.1
008 030306s1991----uk------------------eng-d
020 |a 0-582-51687-0 
040 |a STU  |b slo 
041 0 |a eng 
044 |a uk 
080 |a 802.0(075.8) 
100 1 |a Elsworth, Steve  |4 aut 
245 1 |a Studying strategies.Workbook :  |b Strategies 4. 
250 |a 1.vyd.-16.dotlač 
260 |a Harlow :  |b Longman,  |c 1991 
300 |a 78 s 
996 |b 284V028671  |c V*42334/O-18073 príl.  |l VVT  |s A  |a 24  |w stu79541_0001 
996 |b 284J011257  |c J*86377  |l J  |s P  |a 0  |w stu79541_0002 
996 |b 284J011258  |c J*86378  |l J  |s P  |a 0  |w stu79541_0003